000 00361 a2200157 4500
001 58705
020 _a8521000235
040 _cAnchieta - Pituba
100 _aGonzaga, Tomás Antônio
240 1 0 _aA poesia dos inconfidentes
_lpor
245 1 0 _aA poesia dos inconfidentes
300 _a1200
362 0 _a1996
650 4 _aPoesia brasileira
942 _cBK
999 _c58705
_d58705